000 00279nam a22001217a 4500
008 171023b xxu||||| |||| 00| 0 eng d
041 _aeng
080 _a311
100 _a55
101 _aSTA
245 _aGROWTH AND WELFARE IN THE AMERICAN PAST
_cNORTH, D.C
942 _2udc
_cBK
999 _c35576
_d35576